00699nam a22001337a 4500008004100000020001500041050001400056100002500070245004200095260002800137300002800165500001900193505035300212140715b xxu||||| |||| 00| 0 eng d a9988815263 aJA716.B62 aBluwey,Gilbert Keith aPolitical science:ban introduction./ aAccra,:bSundel,c2011. axiv,238p,:bill,c25cm. aIncludes index aContents: On politics and political activity -- The language of political science -- Ideology -- Political culture and political socialization -- Organizing for politicalaction decision makers:the leaders -- Decison making: command,representation,and participatory politics -- The modern state -- The main organs of the state -- Maintain law order